Vidas paralelas

Guardat en:
Dades bibliogràfiques
Autor principal: Plutarco (Autor)
Format: Llibre
Idioma:espanyol
Publicat: Madrid Edaf 1970
Col·lecció:Los Clásicos
Matèries:
Etiquetes: Afegir etiqueta
Sense etiquetes, Sigues el primer a etiquetar aquest registre!

MARC

LEADER 00000nam a2200000 a 4500
001 UCW8149
003 CL-VaPUC
008 880606e19700000SP |||||||||||||||||spa|d
082 0 4 |a 920.02  |b PLU  |2 21 
100 0 |a Plutarco  |e author  |9 313256 
245 1 0 |a Vidas paralelas 
300 |a 1762 p 
942 |c BK 
945 |d 19880606 00:00:00 
260 |a Madrid  |b Edaf  |c 1970 
650 0 |a Biografías clásicas  |9 265901 
583 |a last modification  |c 19880606 00:00:00  |k Rodrigo Vera 
490 0 |a Los Clásicos 
999 |c 220611  |d 220609 
952 |0 0  |1 0  |4 0  |6 920_020000000000000_PLU_1970  |7 0  |8 X  |9 213082  |a BIBHIS  |b BIBHIS  |d 2019-11-15  |i 281417K  |o 920.02 PLU 1970  |p 281417K  |r 2024-01-30  |w 2019-11-15  |y BK_X  |k HIS